Loading...
| History - European | 0 | 6 | 0 | 0 | 60 | 24 | 46.00 | 1 | 4 | 30.79 | 36.36 |
| History - World | 0 | 4 | 0 | 1 | 40 | 20 | 54.50 | 1 | 2 | 17.84 | 23.23 |
| Philosophy | 0 | 4 | 1 | 0 | 35 | 24 | 51.25 | 1 | 3 | 22.26 | 30.86 |
| Religion | 0 | 2 | 0 | 1 | 20 | 30 | 70.00 | 0 | 1 | 6.68 | 9.09 |
| Literature - World | 0 | 2 | 0 | 0 | 20 | 54 | 65.00 | 0 | 1 | 7.72 | 12.12 |
| History - American | 0 | 2 | 0 | 1 | 20 | 54 | 77.50 | 0 | 1 | 4.63 | 10.10 |
| Social Science | 0 | 1 | 0 | 0 | 10 | 69 | 69.00 | 0 | 0 | 3.61 | 5.56 |
| Fine Arts - Classical Music | 0 | 1 | 0 | 0 | 10 | 113 | 113.00 | 0 | 0 | 1.07 | 4.04 |
| Fine Arts - Painting and Sculpture | 0 | 1 | 0 | 0 | 10 | 23 | 23.00 | 1 | 1 | 7.30 | 8.08 |
| Geography | 0 | 1 | 0 | 0 | 10 | 74 | 74.00 | 1 | 1 | 6.17 | 20.00 |
| Literature - American | 0 | 1 | 0 | 0 | 10 | 45 | 45.00 | 1 | 1 | 5.44 | 9.09 |
| Mythology | 0 | 1 | 0 | 0 | 10 | 60 | 60.00 | 0 | 0 | 4.13 | 3.03 |
| Popular Culture | 0 | 1 | 0 | 1 | 10 | 110 | 110.00 | 0 | 0 | 0.00 | 2.22 |
| Science - Biology | 0 | 1 | 0 | 0 | 10 | 60 | 60.00 | 0 | 1 | 4.13 | 8.08 |
| Fine Arts - Other | 0 | 1 | 1 | 0 | 5 | 74 | 74.00 | 0 | 0 | 3.79 | 5.05 |
| Science - Other | 0 | 1 | 1 | 0 | 5 | 35 | 35.00 | 0 | 1 | 6.00 | 8.08 |
| History - Other | 0 | 1 | 1 | 0 | 5 | 82 | 82.00 | 1 | 1 | 2.38 | 9.09 |
| Science - Physics | 0 | 0 | 1 | 0 | -5 | 0.00 | 0 | 0 | 0.00 | 0.00 | |
| Current Events | 0 | 0 | 2 | 0 | -10 | 0.00 | 0 | 0 | 0.00 | 0.00 |